| 000 -LEADER |
| fixed length control field |
00771nam a22001937a 4500 |
| 008 - FIXED-LENGTH DATA ELEMENTS--GENERAL INFORMATION |
| fixed length control field |
140523b xxu||||| |||| 00| 0 eng d |
| 041 0# - LANGUAGE CODE |
| Language code of text/sound track or separate title |
eng |
| 080 ## - UNIVERSAL DECIMAL CLASSIFICATION NUMBER |
| Universal Decimal Classification number |
355/359 |
| Common auxiliary subdivision |
(035) |
| 110 ## - |
| -- |
North Atlantic Treaty Organization. |
| 245 10 - TITLE STATEMENT |
| Title |
The North Atlantic Treaty Organization : |
| Statement of responsibility, etc |
the North Atlantic Treaty Organization. |
| 246 30 - VARYING FORM OF TITLE |
| Title proper/short title |
NATO hand book |
| 250 ## - |
| -- |
6th ed.-<12th ed.> |
| 260 ## - |
| -- |
Paris, France : |
| -- |
The Organization, |
| -- |
1953. |
| 300 ## - |
| -- |
403 f.: |
| -- |
me il.; |
| -- |
21 cm. |
| 650 #0 - |
| -- |
Organizata e Traktatit të Atlantikut të Veriut |
| -- |
Botim periodik |
| 710 2# - |
| -- |
Organizata e Traktatit të Atlantikut të Veriut |
| -- |
Shërbime të informimit |
| 710 2# - |
| -- |
Organizata e Traktatit të Atlantikut të Veriut |
| -- |
Dvizioni i informacionit |
| 942 ## - ADDED ENTRY ELEMENTS (KOHA) |
| Source of classification or shelving scheme |
|
| Item type |
Books |